Lord of the Rings: Books by JRR Tolkien - Statistics

General Stats
  • This quiz has been taken 49 times
  • The average score is 12 of 23
Answer Stats
Author or Editor Book Series Year of Publication Answer % Correct
JRR Tolkien Independent Release 1937 The Hobbit
100%
JRR Tolkien The Lord of the Rings 1954 The Fellowship of the RIng
98%
JRR Tolkien The Lord of the Rings 1955 The Return of the King
98%
JRR Tolkien The Lord of the Rings 1955 The Two Towers
98%
Christopher Tolkien Independent Release 1977 The Silmarillion
93%
Christopher Tolkien The Three Great Tales of Elder Days: 2017 Beren and Lúthien
75%
Christopher Tolkien The Three Great Tales of Elder Days: 2007 The Children of Húrin
73%
Christopher Tolkien The Three Great Tales of Elder Days: 2018 The Fall of Gondolin
70%
Christopher Tolkien Independent Release 1980 Unfinished Tales of Númenor and Middle-earth
63%
Brian Sibley Independent Release 2022 The Fall of Númenor
53%
Christopher Tolkien The History of Middle-earth 1983 The Book of Lost Tales 1
45%
Christopher Tolkien The History of Middle-earth 1984 The Book of Lost Tales 2
45%
Carl F. Hostetter: Independent Release 2021 The Nature of Middle-earth
38%
Christopher Tolkien The History of Middle-earth 1993 Morgoth's Ring
35%
Christopher Tolkien The History of Middle-earth 1990 The War of the Ring
35%
Christopher Tolkien The History of Middle-earth 1994 The War of the Jewels
33%
Christopher Tolkien The History of Middle-earth 1985 The Lays of Beleriand
30%
Christopher Tolkien The History of Middle-earth 1996 The Peoples of Middle-earth
30%
Christopher Tolkien The History of Middle-earth 1992 Sauron Defeated
23%
Christopher Tolkien The History of Middle-earth 1989 The Treason of Isengard
23%
Christopher Tolkien The History of Middle-earth 1986 The Shaping of Middle-earth
18%
Christopher Tolkien The History of Middle-earth 1988 The Return of the Shadow
15%
Christopher Tolkien The History of Middle-earth 1987 The Lost Road and Other Writings
13%
No matching quizzes found
Score Distribution
Percent of People with Each Score
Percentile by Number Answered
Your Score History
You have not taken this quiz